The development of microelectromechanical systems : Activitives in the United States of America: A brief review

Zapisane w:
Opis bibliograficzny
Format: Książka
Język:Undetermined
Wydane: U.S.A. 1993
Hasła przedmiotowe:
Etykiety: Dodaj etykietę
Nie ma etykietki, Dołącz pierwszą etykiete!
Thư viện lưu trữ: Trung tâm Học liệu Trường Đại học Cần Thơ
LEADER 00485nam a2200157Ia 4500
001 CTU_98141
008 210402s9999 xx 000 0 und d
082 |a 621.381 
082 |b D489 
245 4 |a The development of microelectromechanical systems : 
245 0 |b Activitives in the United States of America: A brief review 
260 |a U.S.A. 
260 |c 1993 
650 |a Microelectromechanical systems 
904 |i Truc 
980 |a Trung tâm Học liệu Trường Đại học Cần Thơ